000 01009nam a2200205Ia 4500
999 _c38089
_d38089
001 4077
003 GE_BSU
005 20191001152500.0
008 181216s2001||||ge |||||||||||||| ||geo||
040 _cGE_BSU
041 _ageo
080 _a08 კ–83
245 _aბათუმის შოთა რუსთაველის სახ. სახ. უნ–ტი /
_bკრებული I.
_c
264 _aბათუმი :
_bბათუმის უნ–ტი ,
_c2001.
300 _a154 გვ. ;
_b21 სმ.
653 _aმემედ აბაშიძის მემკვიდრეობა
653 _aკრებული
710 _aმემედ აბაშიძის სახ. სამეცნიერო კვლევითი ცენტრის მემედ აბაშიძის მემკვიდრეობისა და ქართული კულტურის კვლევის გან–ბა
_94427
942 _cBK
_2udc